000 00618cam a22002053a 4500
001 44786
003 PGUSA
005 20140828084025.0
008 140129s2014||||xxu|||||s|||||000 | eng d
040 _aPGUSA
_beng
042 _adc
100 1 _aDean, Graham M.
245 1 0 _aAgent Nine and the Jewel Mystery :
_bA Story of Thrilling Exploits of the G-Men
_h[electronic resource] /
_cGraham M. Dean
260 _bProject Gutenberg,
_c2014
506 _aPublic domain in the USA.
516 _aElectronic text
830 0 _aProject Gutenberg
_v44786
856 4 0 _uhttp://www.gutenberg.org/ebooks/44786
942 _cEB
999 _c274037
_d274037